| 000 | 03562nam0a22005051 4500 | ||
|---|---|---|---|
| 001 | RU\NLR\A1DV\30002 | ||
| 005 | 20260406140242.0 | ||
| 035 | _a(NLR Aleph) 010777118 | ||
| 090 |
_a10048938 _c10048938 |
||
| 100 | _a20010609d1814 m y0rusy50 ca | ||
| 101 | 1 |
_arus _cger |
|
| 102 | _aRU | ||
| 140 | _ay hg ezz yaa0000 | ||
| 200 | 1 | _aБичь Франции или Коварная и вероломная система правления нынешняго повелителя французов, описанная очевидным наблюдателем. | |
| 205 |
_aИздание второе. _bС присовокуплением портрета Бонапарта и гравированнаго его изображения, и с прибавлением новой статьи: Трон и алтарь Бонапартом возстановленные |
||
| 210 |
_aСанктпетербург _cв Медицинской типографии _d1814 |
||
| 215 |
_a[6], 126, [4], 33, [3], 9, [1] с., [1] л. ил. _d8° |
||
| 300 | _aЦенз.: Г.М. Яценков, 19 дек. 1813 г. | ||
| 300 | _aЗагл. ориг.: Beiträge zur Charakteristik der französischen Staats Verfassung und Staatsverwaltung wärend der Epoche Bonapartes | ||
| 300 | _aИмеются подстроч. примеч. | ||
| 300 | _aФронт.: карикатура на Наполеона. Резц. грав. | ||
| 300 | _aСт. "Трон и алтарь..." и "Портрет Бонапарта" имеют отд. шмуцтит. | ||
| 300 | _aНа 1-й с. текста загл.: О внутреннем управлении Французской империи | ||
| 300 | _aНа с.[5-6] предисл. переводчика | ||
| 300 | _aС.[1-2] 2-го ряда - чистые | ||
| 321 | 1 | _aРус. аноним. произв. 108 | |
| 321 | 1 | _aРус. кн. 2, 6268/б | |
| 321 | 1 | _aСмирд. 2244 | |
| 327 | 0 |
_aИз содерж.: Изъяснение фронтисписа (С.[3-4] ряд 1) _aТрон и алтарь Бонапартом возстановленные (С.[3-4] ряд 2, 1-33 паг. 2) _aПортрет Бонапарта (С.[2-3] ряд 3, 1-9 паг. 3) |
|
| 514 | 1 | _aО внутреннем управлении Французской империи | |
| 517 | 1 | _aКоварная и вероломная система правления нынешняго повелителя французов, описанная очевидным наблюдателем | |
| 518 | 1 | _aБич Франции или Коварная и вероломная система правления нынешнего повелителя французов, описанная очевидным наблюдателем | |
| 620 | _dСанкт-Петербург | ||
| 700 | 1 |
_6z01790 _aФабер _bГ.Т. _f1768-1847 _gГотгильф Теодор _4070 |
|
| 702 | 0 |
_8rus _7ca _aНаполеон _cимператор французский _dI _f1769-1821 _3RU\NLR\AUTH\772913 _9112920 |
|
| 702 | 1 |
_4190 _7ca _8rus _aЯценков _bГ. М. _f1776-1852 _gГригорий Максимович _9193922 _3RU\NLR\AUTH\770193973 |
|
| 712 | 0 | 1 |
_4610 _aРоссия _bМинистерство полиции _bМедицинская типография _9711344 _3RU\NLR\AUTH\880524933 |
| 790 | 1 |
_6z01700 _aFaber _bG.T. _gGotthilf Theodor _4070 _7ba |
|
| 801 | 0 |
_aRU _bNLR _c20010609 |
|
| 852 |
_aNLR _b18.72.4.62 |
||
| 852 |
_aNLR _b125/391 |
||
| 942 | _cBOOK | ||
| 980 | _aNB | ||
| 980 | _aA1DV | ||